Energy union and its challenges for the competitiveness of the EU members (case of the Slovak Republic)

Enregistré dans:
Détails bibliographiques
Auteur principal: Baláž, Peter
Autres auteurs: Zábojník, Stanislav, 1984-
Format: Chapitre de livre
Langue:anglais
Tags: Ajouter un tag
Pas de tags, Soyez le premier à ajouter un tag!

MARC

LEADER 00000naa$a2200000$$$4500
001 0220164
005 20240531125723.6
041 0 |a eng 
044 |a CN 
245 1 0 |a Energy union and its challenges for the competitiveness of the EU members (case of the Slovak Republic)  |c Peter Baláž, Stanislav Zábojník 
500 |a Abstrakt 
100 1 |a Baláž, Peter 
700 1 |a Zábojník, Stanislav, 1984-